Focus sur: Réginard Touque - Tolkien - Statistiques

Statistiques générales
  • Ce quiz a été pris 2 fois
  • Le résultat moyen est 6 sur 8
Statistiques - réponses
Informations recherchées Réponses % Correct
Contrée Comté
100%
Espèce Hobbit
100%
Première mention Le Seigneur des Anneaux: La Communauté de l'Anneau
100%
Autre traduction du nom Touc
100%
Age durant lequel il vécut Troisième
100%
Ville Bourg-de-Touque
50%
Père Adelard Touque
0%
Frère Everard Touque
0%
Aucun quiz correspondant
Distribution des résultats
% des personnes avec chaque résultat
Percentile par nombre de réponses
Votre historique - résultats
Vous n’avez pas pris ce quiz